| 000 | 02635cam a2200481 a 4500 | ||
|---|---|---|---|
| 001 | 14619228 | ||
| 005 | 20070905101948.0 | ||
| 008 | 061101s2007 enk | b 001 0 eng d | ||
| 010 | _a2006036485 | ||
| 015 |
_aGBA689866 _2bnb |
||
| 016 | 7 |
_a013583927 _2Uk |
|
| 020 | _a9780521838979 (hardback : alk. paper) | ||
| 020 | _a0521838975 (hardback : alk. paper) | ||
| 020 | _a9780521547673 (pbk. : alk. paper) | ||
| 020 | _a0521547679 (pbk. : alk. paper) | ||
| 035 | _a(OCoLC)ocm76140973 | ||
| 040 |
_aDLC _cDLC _dBAKER _dBWKUK _dBTCTA _dYDXCP _dUKM _dDLC |
||
| 050 | 0 | 0 |
_aJZ6374 _b.U553 2007 |
| 082 | 0 | 0 |
_a341.584 _222 _bUNI |
| 245 | 0 | 0 |
_aUnited Nations Interventionism, 1991-2004 / _cedited by Mats Berdal and Spyros Economides. |
| 250 | _a[Rev. and updated ed.]. | ||
| 260 |
_aCambridge, UK : _bCambridge University Press, _c2007. |
||
| 300 |
_axi, 303 p. ; _c24 cm. |
||
| 490 |
_aLSE monographs in international studies _915737 |
||
| 500 | _aOriginally published: The new interventionism, 1991-1994 / edited by James Mayall, 1996. | ||
| 504 | _aIncludes bibliographical references (p. 274-293) and index. | ||
| 505 | 0 | _aIntroduction / James Mayall -- Cambodia / Mats Berdal and Michael Leifer -- Former Yugoslavia / Spyros Economides and Paul Taylor -- Somalia / Ioan Lewis and James Mayall -- Rwanda / Bruce D. Jones -- Haiti / David M. Malone and Sebastian von Einsiedel -- East Timor / Simon Chesterman -- Kosovo / Spyros Economides -- Sierra Leone / Adekeye Adebajo and David Keen. | |
| 541 | _aBacca ; | ||
| 610 | 2 | 0 |
_aUnited Nations. _915738 |
| 650 | 0 |
_aPeacekeeping forces _vCase studies. _915739 |
|
| 650 | 0 |
_aDiplomatic negotiations in international disputes _vCase studies. _915740 |
|
| 650 | 0 |
_aIntervention (International law) _915741 |
|
| 650 | 0 |
_aWorld politics _y1989- _915742 |
|
| 700 | 1 |
_aBerdal, Mats R., _d1965- _915743 |
|
| 700 | 1 |
_aEconomides, Spyros. _915744 |
|
| 730 | 0 |
_aNew interventionism, 1991-1994. _915745 |
|
| 856 | 4 | 1 |
_3Table of contents only _uhttp://www.loc.gov/catdir/toc/ecip074/2006036485.html |
| 856 | 4 | 2 |
_3Publisher description _uhttp://www.loc.gov/catdir/enhancements/fy0703/2006036485-d.html |
| 856 | 4 | 2 |
_3Contributor biographical information _uhttp://www.loc.gov/catdir/enhancements/fy0729/2006036485-b.html |
| 942 |
_2ddc _cBB |
||
| 999 |
_c14345 _d14345 |
||